Estudio parametrico del comportamiento estructural del concreto de alta resistencia.
Salvato in:
| Autore principale: | |
|---|---|
| Natura: | Tesi Libro |
| Lingua: | Undetermined |
| Pubblicazione: |
1986
|
| Soggetti: | |
| Tags: |
Aggiungi Tag
Nessun Tag, puoi essere il primo ad aggiungerne!!
|
MARC
| LEADER | 00000nam a2200000Ia 4500 | ||
|---|---|---|---|
| 001 | 4109 | ||
| 008 | 140114s9999 xx 000 0 und d | ||
| 100 | |a Carvajal, Marco | ||
| 245 | |a Estudio parametrico del comportamiento estructural del concreto de alta resistencia. | ||
| 260 | |c 1986 | ||
| 500 | |a NULL | ||
| 502 | |a Escuela de ingenieria Civil | ||
| 650 | |z ESTUDIO PARAMETRICO | ||
| 999 | |c 11745 |d 11745 | ||
